12 x 12 Multiplication Table in 4 Minutes - Statistics

General Stats
  • This quiz has been taken 458 times
  • The average score is 121 of 144
Answer Stats
Answer % Correct
1
98%
2
98%
3
98%
10
97%
11
97%
12
97%
4
97%
5
97%
6
97%
7
97%
8
97%
9
97%
10
96%
2
96%
4
96%
6
96%
8
96%
12
95%
14
95%
16
94%
18
94%
20
94%
22
94%
24
94%
3
94%
12
93%
12
93%
16
93%
20
93%
24
93%
28
93%
4
93%
40
93%
44
93%
48
93%
6
93%
8
93%
9
93%
15
92%
27
92%
30
92%
32
92%
33
92%
36
92%
36
92%
10
91%
12
91%
18
91%
21
91%
24
91%
5
91%
54
91%
6
91%
60
91%
66
91%
7
91%
72
91%
14
90%
18
90%
24
90%
30
90%
36
90%
42
90%
45
90%
48
90%
50
90%
55
90%
60
90%
15
89%
20
89%
21
89%
25
89%
30
89%
35
89%
40
89%
28
88%
35
87%
42
86%
70
84%
8
84%
49
83%
63
83%
16
82%
56
82%
77
82%
40
81%
24
80%
84
80%
9
80%
32
79%
48
79%
80
79%
10
78%
18
78%
20
78%
45
78%
30
77%
40
77%
50
77%
56
77%
88
77%
27
76%
36
76%
60
76%
72
76%
90
76%
100
75%
54
75%
70
75%
80
75%
11
74%
22
74%
63
74%
64
74%
90
74%
96
74%
110
73%
55
73%
81
73%
99
73%
108
72%
110
72%
120
72%
33
72%
44
72%
66
72%
72
72%
99
72%
12
71%
24
71%
77
71%
88
71%
36
70%
121
69%
48
69%
60
69%
132
67%
72
67%
84
63%
120
61%
96
61%
108
59%
132
58%
144
58%
No matching quizzes found
Score Distribution
Percent of People with Each Score
Percentile by Number Answered
Your Score History
You have not taken this quiz